Xipe Totek : Revista de Filosofía y Ciencias Sociales : vol. XII, no. 2, no. de publicación 46, 31 de junio 2003 /

Salvato in:
Dettagli Bibliografici
Altri autori: Manzano Vargas, Jorge (dirección) (dirección)
Natura: Libro
Lingua:spagnolo
Pubblicazione: Guadalajara, México : Instituto Libre de Filosofía y Ciencias, 2003
Tags: Aggiungi Tag
Nessun Tag, puoi essere il primo ad aggiungerne!!

MARC

LEADER 00000nam^a2200000^a^4500
001 000631755
005 20260513000000.0
009 20260526154612.356
037 |a Acervo Xavier Clavigero 
041 |a ESP 
091 |a FHG. 02176 
240 1 1 |a [Xipe Totek: Revista Trimestral del Departamento Filosofía y Humanidades] 
240 1 1 |a [Xipe Totek: Revista de Filosofía y Ciencias Sociales] 
245 0 0 |a Xipe Totek :  |b Revista de Filosofía y Ciencias Sociales : vol. XII, no. 2, no. de publicación 46, 31 de junio 2003 / 
264 1 |a Guadalajara, México :  |b Instituto Libre de Filosofía y Ciencias,  |c 2003 
300 |a p. 113-202 
336 |a texto  |b txt  |2 rdacontenido 
337 |a sin mediación  |b n  |2 rdamedio 
338 |a volumen  |b nc  |2 rdasoporte 
649 |a XX 
700 |a Manzano Vargas, Jorge  |e (dirección) 
910 |a Fondo Humberto García Bedoy S.J. 
920 |a Impresos - Libros 
930 |a Fondos Especiales 
905 |a 148 
901 |a 631820-10  |b IT2  |c ESP  |i D  |u 20260513 
902 |a https://opac.biblio.iteso.mx/vufind/Record/000631755